[Event "BEL-chT9798"]
[Site "Antwerp"]
[Date "1997.??.??"]
[Round "5"]
[White "Wantiez, Fabrice"]
[Black "Henris, Luc"]
[Result "1-0"]
[WhiteElo "2105"]
[BlackElo "2240"]
[PlyCount "89"]
[EventDate "1997.??.??"]
[Source "www.chesslib.no"]
[SourceDate "2004.05.04"]

1. e4 e5 2. h3 Nf6 3. Nc3 d5 4. exd5 Nxd5 5. Nf3 Nxc3 6. bxc3 e4 7. Qe2 Qe7 8. Nd4 c5 9. Ba3 g6 10. O-O-O Bg7 11. Re1 O-O 12. Nb3 b6 13. Qxe4 Qc7 14. Nd4 Bxd4 15. cxd4 Bf5 16. Qxa8 cxd4 17. d3 Rc8 18. c4 Qf4+ 19. Kd1 Bd7 20. Qxa7 b5 21. Re4 Qf5 22. Qxd4 bxc4 23. Bb2 f6 24. dxc4 Ba4+ 25. Ke1 Nc6 26. Qd5+ Kg7 27. Qxf5 gxf5 28. Re6 Nb4 29. Rxf6 Kg8 30. Rxf5 Nc2+ 31. Kd2 Rd8+ 32. Rd5 Rb8 33. Kc1 Nb4 34. Rd2 Nxa2+ 35. Kb1 Nc3+ 36. Ka1 Ne4 37. Rd4 Bc2 38. Rxe4 Bxe4 39. Bd4 Rb1+ 40. Ka2 Rd1 41. f3 Bc6 42. Bc3 Kf7 43. Rg1 Ke6 44. Kb3 Rb1+ 45. Kc2 1-0

[Event "FS IM Nov, Budapest HUN"]
[Site "Budapest"]
[Date "1996.??.??"]
[Round "?"]
[White "Jamrich, G."]
[Black "Weteschnik, M."]
[Result "1-0"]
[WhiteElo "2295"]
[BlackElo "2045"]
[PlyCount "63"]
[EventDate "1996.??.??"]
[Source "www.chesslib.no"]
[SourceDate "2004.05.04"]

1. e4 e5 2. c4 Nc6 3. Nf3 Bc5 4. d3 d6 5. h3 Nge7 6. Be2 O-O 7. Nc3 a5 8. a3 f5 9. Rb1 Bd7 10. Be3 b6 11. Bg5 h6 12. Bxe7 Qxe7 13. Nd5 Qd8 14. b4 axb4 15. axb4 Bd4 16. b5 Ne7 17. Nxd4 exd4 18. O-O Rb8 19. Qb3 c5 20. bxc6 Bxc6 21. Qb2 fxe4 22. dxe4 Bxd5 23. cxd5 Ng6 24. g3 Qf6 25. Rbd1 b5 26. Bxb5 Qf3 27. Qe2 Nh4 28. gxh4 Qxh3 29. Rd3 Qxh4 30. Bd7 Rf4 31. Rh3 Qe7 32. Be6+ 1-0

[Event "Corr"]
[Site "?"]
[Date "2002.07.20"]
[Round "?"]
[White "Kruimer Wim (NED)"]
[Black "Baer Horst Hugo (SUI)"]
[Result "1/2-1/2"]
[WhiteElo "2052"]
[BlackElo "2276"]
[PlyCount "73"]
[EventDate "2002.??.??"]
[Source "www.chesslib.no"]
[SourceDate "2004.05.04"]

1. e4 e5 2. c4 Bc5 3. Nc3 d6 4. Nf3 Nc6 5. Be2 Nge7 6. O-O O-O 7. d3 f5 8. Bg5 Qd7 9. Nd5 a5 10. d4 exd4 11. Bd3 h6 12. Bxe7 Nxe7 13. exf5 Nxd5 14. cxd5 Qe7 15. Re1 Qf6 16. Re4 Bd7 17. Rc1 a4 18. Qd2 Bb6 19. Bb1 Qf7 20. Re6 Bxe6 21. fxe6 Qf4 22. e7 Rf7 23. Qxf4 Rxf4 24. Bg6 Rf7 25. Bxf7+ Kxf7 26. Re1 Re8 27. Kf1 Rxe7 28. Rxe7+ Kxe7 29. Ke2 c5 30. Nd2 g5 31. Nc4 Bc7 32. Kd3 Kf6 33. Ke4 b5 34. Na3 b4 35. Nb5 Bb8 36. h3 h5 37. g4 1/2-1/2

[Event "04.Nord-West-Cup"]
[Site "?"]
[Date "2002.??.??"]
[Round "7"]
[White "Jans Michael"]
[Black "Markl Martin"]
[Result "1/2-1/2"]
[WhiteElo "2028"]
[BlackElo "2299"]
[PlyCount "28"]
[EventDate "2002.??.??"]
[Source "www.chesslib.no"]
[SourceDate "2004.05.04"]

1. e4 e5 2. g3 Nc6 3. Bg2 Bc5 4. Nc3 d6 5. Na4 Nf6 6. Nxc5 dxc5 7. d3 Bg4 8. Nf3 Nd4 9. h3 Nxf3+ 10. Bxf3 Bxf3 11. Qxf3 Qd6 12. O-O c4 13. Rd1 O-O 14. Bg5 Ne8 1/2-1/2

[Event "CZE-chT2 9798"]
[Site "CZE"]
[Date "1997.??.??"]
[Round "5.6"]
[White "Muron, Miroslav"]
[Black "Jablecnik, Gustav"]
[Result "1/2-1/2"]
[WhiteElo "2190"]
[BlackElo "2135"]
[PlyCount "91"]
[EventDate "1997.??.??"]
[Source "www.chesslib.no"]
[SourceDate "2004.05.04"]

1. e4 e5 2. c4 Bc5 3. g3 d6 4. Bg2 Qf6 5. Nf3 Nc6 6. O-O Nd4 7. Nxd4 Bxd4 8. Nc3 c6 9. d3 h5 10. h3 Qg6 11. Ne2 Bb6 12. d4 h4 13. g4 Nf6 14. f3 Be6 15. c5 dxc5 16. dxe5 Rd8 17. Nf4 Rxd1 18. Nxg6 Rxf1+ 19. Bxf1 fxg6 20. exf6 c4+ 21. Kg2 gxf6 22. a4 Kf7 23. a5 Bd4 24. Ra4 Rd8 25. Bxc4 Bxb2 26. Be3 Bc3 27. Bxe6+ Kxe6 28. Bxa7 Rd2+ 29. Kg1 Be5 30. Bf2 g5 31. a6 bxa6 32. Rxa6 Kd6 33. Ra5 Rc2 34. Ra6 Rc1+ 35. Kg2 Rc2 36. Kg1 Rb2 37. Ra5 Rb1+ 38. Kg2 Rb5 39. Ra6 Rb2 40. Kg1 Bh2+ 41. Kf1 Bg3 42. Bd4 Rb1+ 43. Kg2 Be5 44. Bf2 Ra1 45. Rxa1 Bxa1 46. f4 1/2-1/2

[Event "Eger Agria op"]
[Site "?"]
[Date "1999.??.??"]
[Round "?"]
[White "Barta Zoltan"]
[Black "Pesztericz Laszlo"]
[Result "0-1"]
[WhiteElo "2110"]
[BlackElo "2215"]
[PlyCount "80"]
[EventDate "1999.??.??"]
[Source "www.chesslib.no"]
[SourceDate "2004.05.04"]

1. e4 e5 2. c4 Nf6 3. Nc3 Bc5 4. g3 d6 5. h3 c6 6. Bg2 Be6 7. Qe2 h6 8. Nf3 Qc8 9. d3 a5 10. Be3 Na6 11. d4 exd4 12. Nxd4 Bd7 13. Rd1 O-O 14. g4 Re8 15. Qf3 Be6 16. b3 Bb4 17. Nde2 d5 18. exd5 cxd5 19. O-O dxc4 20. Qxb7 Nc7 21. Bc6 Qxb7 22. Bxb7 Rab8 23. Bc6 Re7 24. Ba7 Rf8 25. Ba4 Ncd5 26. Bd4 Nxc3 27. Nxc3 Rc8 28. Nb5 cxb3 29. axb3 Ne4 30. Rd3 f5 31. f3 Nc5 32. Bxc5 Rxc5 33. Rfd1 fxg4 34. hxg4 h5 35. Rd8+ Kh7 36. gxh5 Rg5+ 37. Kf1 Bh3+ 38. Kf2 Rg2+ 39. Kf1 Ree2 40. Nd4 Ref2# 0-1

[Event "Gyongyos op"]
[Site "?"]
[Date "1996.??.??"]
[Round "?"]
[White "Toth Ferenc"]
[Black "Szabo Zsolt"]
[Result "0-1"]
[WhiteElo "2025"]
[BlackElo "2265"]
[PlyCount "80"]
[EventDate "1996.??.??"]
[Source "www.chesslib.no"]
[SourceDate "2004.05.04"]

1. e4 e5 2. g3 Nf6 3. Bg2 Bc5 4. Ne2 O-O 5. O-O Re8 6. c3 Bb6 7. d3 h6 8. Nd2 c6 9. Nc4 Bc7 10. Ne3 d5 11. Nf5 Bxf5 12. exf5 Bb6 13. h3 Qd7 14. g4 Na6 15. Ng3 Qd6 16. Kh1 Nc5 17. b4 Ncd7 18. a4 a6 19. f4 exf4 20. Bxf4 Qf8 21. Qd2 Ba7 22. Bf3 Ne5 23. Bxe5 Rxe5 24. h4 Qd6 25. d4 Re7 26. g5 Qxg3 27. gxf6 Qxh4+ 28. Qh2 Qxf6 29. Qh5 Rae8 30. Rg1 Bb8 31. Rg2 Re1+ 32. Rxe1 Rxe1+ 33. Rg1 Rxg1+ 34. Kxg1 Bf4 35. b5 axb5 36. axb5 Bd2 37. Qh2 Bxc3 38. Qb8+ Kh7 39. Qxb7 Bxd4+ 40. Kg2 Qg5+ 0-1

[Event "Oberliga Mittelrhein 9394"]
[Site "Mittelrhein"]
[Date "1993.??.??"]
[Round "?"]
[White "Oepen, Lothar"]
[Black "Weisshaupt, Rainer"]
[Result "1/2-1/2"]
[WhiteElo "2145"]
[BlackElo "2145"]
[PlyCount "61"]
[EventDate "1993.10.??"]
[Source "www.chesslib.no"]
[SourceDate "2004.05.04"]

1. e4 e5 2. c4 Nc6 3. Nc3 Bc5 4. g3 d6 5. Bg2 Nf6 6. h3 O-O 7. Nge2 Nd4 8. O-O c6 9. d3 a6 10. Kh2 b5 11. f4 h6 12. b3 Rb8 13. Bb2 exf4 14. Nxf4 Nd7 15. Nce2 Nxe2 16. Qxe2 bxc4 17. dxc4 Ne5 18. Nd3 Nxd3 19. Qxd3 f6 20. Rfd1 Qc7 21. Bd4 Re8 22. Bxc5 dxc5 23. Qd6 Qxd6 24. Rxd6 Rb6 25. Rad1 Kf8 26. Bf3 Ke7 27. Bh5 Rf8 28. Bg6 a5 29. g4 a4 30. R1d3 axb3 31. axb3 1/2-1/2